Refrigeration and Air Conditioning: (Record no. 183315)

MARC details
000 -LEADER
fixed length control field 00620 a2200193 4500
005 - DATE AND TIME OF LATEST TRANSACTION
control field 20211222163604.0
010 ## - LCCN (DPL NO)
LC control number ENG-130505
020 ## - INTERNATIONAL STANDARD BOOK NUMBER
International Standard Book Number 978-93-90385-84-3
Terms of availability 810.00
035 ## - SYSTEM CONTROL NUMBER
System control number EN-114037
037 ## - SOURCE OF ACQUISITION
Source of stock number/acquisition DBAD/PUB
082 ## - DEWEY DECIMAL CLASSIFICATION NUMBER
Classification number 621.56
Item number 1
Edition number 4th,Ed.
100 ## - MAIN ENTRY--PERSONAL NAME
Personal name ARORA, C P
245 ## - TITLE STATEMENT
Title Refrigeration and Air Conditioning:
Statement of responsibility, etc C P ARORA
250 ## - EDITION STATEMENT
Edition statement 4th
260 ## - PUBLICATION, DISTRIBUTION, ETC. (IMPRINT)
Place of publication, distribution, etc Chennai
Name of publisher, distributor, etc McGraw Hill Education Private Limited
Date of publication, distribution, etc 2020
270 ## - ADDRESS
Address 444/1, Sri Ekambara Naicker Industrial Estate, Alapakkam
City Chennai
Postal code 600116
300 ## - PHYSICAL DESCRIPTION
Extent xxvi, 908p.
Dimensions 22cm (pbk)
Other physical details Index
942 ## - ADDED ENTRY ELEMENTS (KOHA)
Institution code [OBSOLETE] dpl
Item type English Books
Source of classification or shelving scheme Dewey Decimal Classification
Classification part 621.56
Call number suffix ARO
Holdings
Withdrawn status Lost status Not for loan Collection code Home library Current library Date acquired Source of acquisition Cost, normal purchase price Full call number Barcode Copy number Cost, replacement price Koha item type
      Non-fiction Central Library Central Library 22/12/2021 DBAD/PUB 810.00 621.56 ARO EN-114037 1 810.00 English Books

© Delhi Public Library
Hit Counter
free hit counter